| 000 | 01965nam a22003017a 4500 | ||
|---|---|---|---|
| 001 | 1534 | ||
| 003 | FISKH | ||
| 005 | 20260423085946.0 | ||
| 008 | 230904b cb ||||| |||| 00| 0 d | ||
| 020 | _a9789996305856 | ||
| 040 |
_aFISKH _beng _cFISKH _dFISKH |
||
| 082 | _a636.4 | ||
| 100 | _aMolina, Noun | ||
| 245 |
_aកូនជ្រូកជំទើត / _cនិពន្ធដោយ នួន ម៉ូលីណា - គូររូបដោយ សេង វិសាល |
||
| 250 | _aបោះពុម្ពលើកទី ៨កក្កដា ២០២២ | ||
| 260 |
_aPhnom Penh : _bSipar, _c2022. |
||
| 300 |
_a23 pages : _bcolor illustrations ; _c24 cm |
||
| 490 | _aរឿងដំបូងៗ | ||
| 500 | _aG | ||
| 520 | _aកូនជ្រូកជំទើតចូលចិត្តដើរចុចលើចុងជើង ព្រោះខ្លាចប្រឡាក់ដី។ ថ្ងៃមួយ ជំទើតឃើញសេះពាក់ស្បែកជើង វាក៏សម្រេចចិត្តទៅរកស្បែកជើង នៅកន្លែងផ្សេងៗគ្នាជាច្រើន។ តាមរយះការធ្វើដំណើរត្រលប់ទៅត្រលប់មកទីបំផុតជំទើតសម្រេចចិត្តធ្វើដែលខ្លួនឯងសប្បាយចិត្ត។ | ||
| 520 | _aPiglet liked to walk on her hooves for fear of getting dirty. One day, when she saw a horse wearing shoes, she decided to look for shoes in many different places. Through the journey back and forth, she finally decides to do what makes her happy. | ||
| 521 | 8 |
_a380
_bLexile estimate |
|
| 521 | 8 |
_aG
_bRaz-Plus |
|
| 650 |
_aស្បែកជើង _vសម្រេចចិត្ត _xគគ្រិច |
||
| 650 |
_aShoes _vDecide _xDirty |
||
| 700 |
_aVisal, Seng _eillustrator |
||
| 942 |
_2ddc _cBK _n0 |
||
| 999 |
_c1534 _d1534 |
||